Biggest Football Stadiums in Germany - Statistics

General Stats
  • This quiz has been taken 95 times
    59 since last reset
  • The average score is 11 of 20
Answer Stats
Capacity Stadium % Correct
75,024 Allianz Arena
98%
81,365 Signal Iduna Park (Westfalenstadion)
94%
74,475 Olympiastadion Berlin
90%
63,540 Olympiastadion Munich
90%
62,271 Veltins-Arena (Arena AufSchalke)
77%
57,030 Volksparkstadion
69%
60,058 MHP Arena (Neckarstadion)
65%
49,968 RheinEnergieStadion (Müngersdorfer Stadion)
65%
58,000 Deutsche Bank Park (Waldstadion)
60%
49,780 Fritz-Walter-Stadion (Stadion am Betzenberg)
56%
54,022 Borussia-Park
54%
47,069 Red Bull Arena
48%
54,600 Merkur Spiel-Arena
46%
50,000 Max-Morlock-Stadion
44%
49,000 Heinz-von-Heiden-Arena (Niedersachsenstadion)
35%
34,140 Wildparkstadion
35%
34,700 Europa-Park Stadion
33%
32,960 Tivoli
29%
34,034 Mewa Arena
27%
42,358 Wohninvest Weserstadion
13%
No matching quizzes found
Score Distribution
Percent of People with Each Score
Percentile by Number Answered
Your Score History
You have not taken this quiz since the last reset